000 00869nam a22002057a 4500
008 151009b xxu||||| |||| 00| 0 eng d
020 _a0080416977 :
041 0 _aeng
080 _a004
245 0 0 _aSafety of computer control systems, 1991 (SAFECOMP '91) :
_cedited by J.F. Lindeberg.
250 _a1st ed.
260 _aOxford, England ;
_aNew York :
_bPublished for the International Federation of Automatic Control by Pergamon Press,
_c1991.
300 _axi, 184 f. :
_bme il.;
_c31 cm.
650 0 _aKontrolli automatik
650 0 _aKompjuterët
650 0 _aSiguria e kompjuterëve
700 1 _aLindeberg, J. F.
710 2 _aInternational Federation of Automatic Control.
942 _2udc
_cBK
999 _c1244
_d1244